| 000 | 01117 a2200337 4500 | ||
|---|---|---|---|
| 005 | 20260115122034.0 | ||
| 008 | 260115b |||||||| |||| 00| 0 eng d | ||
| 041 | _aEn | ||
| 044 | _aCIV | ||
| 090 | _bDG/A/1669 | ||
| 100 | _a KOUAKOU, Michel Amani | ||
| 100 | _a DIBI, Konan Evrard Brice | ||
| 100 | _a | ||
| 100 | _aLASSANA, Bakayoko | ||
| 110 | _aCentre National de Recherche Agronomique | ||
| 110 | _bCote d'Ivoire | ||
| 242 | _aDiversite genetique de l'igname en Afrique subsaharienne : implications pour la conservation et la selection | ||
| 245 | _aYam genetic diversity in sub-saharan africa : implication for conservation and breeding | ||
| 260 | _aBMC Plant Biology | ||
| 260 | _bCNRA | ||
| 260 | _b University of Ibadan, Nigeria | ||
| 260 | _c2026 | ||
| 302 | _a p.1-13 | ||
| 388 | _a2026-01-15 | ||
| 650 |
_2AGROVOC _gAfrique subsaharienne, |
||
| 650 | _gStructure des populations | ||
| 650 | _gReproduction | ||
| 650 | _gDiversite genetique, | ||
| 650 | _gMarqueurs SNP | ||
| 856 | _uhttps://ftech.byethost7.com/wp-content/uploads/2026/01/DGA1669.pdf | ||
| 999 |
_c6003 _d6003 |
||